| 000 | 00708cim a2200217 4500 | ||
|---|---|---|---|
| 005 | 20201125063855.0 | ||
| 007 | sd uuuguudmuud | ||
| 008 | 140923t2010 xxxnnnnfs s c eng d | ||
| 024 | _a9781424087426 | ||
| 024 | _a1424087422 | ||
| 040 | _aEG-ScBUE | ||
| 082 | 0 | 0 |
_222 _a428.24 _bBRO |
| 100 | 1 |
_aBroukal, Milada _936091 |
|
| 245 | 1 | 0 |
_aWeaving it together 4 _h[sound recording] : _bconnecting reading and writing / _cMilada Broukal. |
| 246 | 3 |
_aWeaving it together four : _bconnecting reading and writing |
|
| 250 | _a3rd ed. | ||
| 260 |
_a[S. l.] : _bHeinle Cengage Learning, _cc.2010. |
||
| 300 |
_a2 sound discs ; _c4 3/4 in. |
||
| 653 |
_bEEENG _cSeptember2014 |
||
| 942 |
_2ddc _cCDR _k428.24 BRO TR |
||
| 999 |
_c18407 _d18379 |
||